[Event "Austin ACT"]
[Site "Austin"]
[Date "2025.06.13"]
[Round "4"]
[White "Joseph, Julian"]
[Black "Johnson, Emerson Aurelius"]
[Result "1-0"]
[WhiteElo "1790"]
[BlackElo "1698"]
[PlyCount "159"]
[EventDate "2025.06.12"]
[EventType "tourn"]
[EventRounds "9"]
[EventCountry "USA"]
[SourceTitle "CB25_2025"]
[SourceDate "2025.06.18"]
[SourceVersion "1"]
[SourceVersionDate "2025.06.18"]
[SourceQuality "1"]

1. e4 c6 2. Nc3 d5 3. Nf3 dxe4 4. Nxe4 Nf6 5. Qe2 Nxe4 6. Qxe4 Qd5 7. Qf4 Qd6 8. Qe3 Bf5 9. c3 e6 10. d4 Nd7 11. g3 Be7 12. Bg2 0-0 13. 0-0 Qc7 14. Qe2 Bd6 15. Nh4 Bg6 16. Nxg6 hxg6 17. Bg5 Rfe8 18. h4 Be7 19. Bf4 Bd6 20. Bg5 Be7 21. Bxe7 Rxe7 22. h5 gxh5 23. Qxh5 Nf6 24. Qe5 Rd8 25. Rad1 Qb6 26. b3 Red7 27. Bf3 Nd5 28. Rd3 Qa6 29. c4 Nf6 30. g4 Nd5 31. Rd2 Ne7 32. Be4 Qb6 33. Rfd1 Qc7 34. Rd3 Qd6 35. Qh5 f5 36. gxf5 exf5 37. Bg2 Ng6 38. Rh3 Qf6 39. d5 Nf4 40. Qh7+ Kf7 41. Rf3 Qg5 42. Qh2 Ne2+ 43. Kf1 Re7 44. d6 Re6 45. d7 Re7 46. Qh3 f4 47. Rfd3 Qe5 48. Bf3 Nc3 49. Qh5+ Qxh5 50. Bxh5+ g6 51. Rxc3 gxh5 52. Rcd3 Re6 53. Rh3 Re5 54. Kg2 Ke7 55. Rhd3 Rf5 56. Kf3 Rf6 57. Rd4 Rg6 58. Re4+ Re6 59. Rde1 Rxe4 60. Rxe4+ Kf6 61. Rxf4+ Kg5 62. Rd4 Kf5 63. Kg3 Kg5 64. f3 h4+ 65. Kh3 a5 66. c5 Kf6 67. Kxh4 Ke5 68. Rd6 Kf4 69. Kh5 Kxf3 70. Kg6 a4 71. bxa4 Ke4 72. Kf6 b6 73. cxb6 c5 74. Ke7 Ke5 75. Kxd8 Kxd6 76. b7 c4 77. b8R c3 78. Rc8 c2 79. Rc3 c1Q 80. Rxc1 1-0